50 Villes du Québec - Statistiques

Statistiques générales
  • Ce quiz a été pris 6 102 fois
  • Le résultat moyen est 24 sur 50
Statistiques - réponses
Population Ville % Correct
1 649 159 Montréal
100%
516 622 Québec
98%
401 553 Laval
91%
131 338 Trois-Rivières
83%
146 381 Saguenay
81%
154 601 Sherbrooke
81%
265 349 Gatineau
77%
138 769 Lévis
72%
231 409 Longueuil
72%
46 860 Rimouski
70%
71 852 Drummondville
65%
68 456 Saint-Jerôme
60%
43 462 Victoriaville
59%
79 273 Brossard
57%
31 862 Val d'Or
56%
92 394 St-Jean-sur-Richelieu
55%
106 322 Terrebonne
54%
63 433 Granby
53%
82 000 Repentigny
52%
41 012 Rouyn-Noranda
52%
50 060 Shawinigan
52%
25 686 Sept-Îles
48%
30 904 Alma
47%
53 510 Blainville
46%
53 236 Saint-Hyacinthe
45%
34 600 Sorel-Tracy
44%
40 753 Boucherville
43%
22 113 Baie-Comeau
42%
25 358 Magog
42%
41 957 Mirabel
37%
26 107 Saint-Bruno-de-Montarville
36%
44 154 Saint-Eustache
36%
42 491 Mascouche
35%
40 077 Salaberry-de-Valleyfield
35%
45 904 Châteauguay
34%
26 816 Boisbriand
32%
25 571 Chambly
32%
30 104 Sainte-Julie
32%
31 173 Saint-Georges
32%
33 305 Vaudreuil-Dorion
32%
26 025 Sainte-Thérèse
30%
25 709 Thetford Mines
28%
20 994 Varennes
26%
21 555 Saint-Lambert
25%
23 357 La Prairie
24%
24 980 Saint-Constant
20%
49 637 Dollard-des-Ormeaux
19%
30 790 Pointe-Claire
19%
21 253 Kirkland
16%
32 321 Côte-Saint-Luc
15%
Aucun quiz correspondant
Distribution des résultats
% des personnes avec chaque résultat
Percentile par nombre de réponses
Votre historique - résultats
Vous n’avez pas pris ce quiz